Scrambled Illinois Cities - Statistics

General Stats
  • This quiz has been taken 25 times
  • The average score is 9 of 12
Answer Stats
Hint Answer % Correct
roarau Aurora
100%
agochic Chicago
100%
jetoil Joliet
95%
ropeia Peoria
95%
pigmancha Champaign
86%
ringspeldif Springfield
86%
anvilleper Naperville
81%
gline Elgin
76%
baraun Urbana
62%
nanostev Evanston
48%
teemwilt Wilmette
48%
ableconrad Carbondale
29%
No matching quizzes found
Score Distribution
Percent of People with Each Score
Percentile by Number Answered
Your Score History
You have not taken this quiz